| 000 | 00000nam 2200000za 4500 |
| 001 | 9.840874 |
| 003 | CaOODSP |
| 005 | 20250724092704 |
| 007 | cr ||||||||||| |
| 008 | 170802s1973 oncad ob f000 0 eng d |
| 040 | |aCaOODSP|beng |
| 043 | |an-cn--- |
| 086 | 1 |aM38-8/120E-PDF|zM38-8/120 |
| 100 | 1 |aNorris, D. K. |
| 245 | 10|aStructural analysis of features on natural and artificial faults |h[electronic resource] / |cD.K. Norris and K. Barron. In situ stresses / H.V. Bielenstein and K. Barron. |
| 246 | 30|aIn situ stresses |
| 260 | |aOttawa : |bInformation Canada, |c1973. |
| 300 | |ap. 136-174, 14 p. : |bcharts, ill. |
| 490 | 1 |aReprint series ; |vRS 120 |
| 500 | |aCover title. |
| 500 | |a"Reprinted from the Proceedings of the Conference on Research in Tectonics, Ottawa, pps. 136-174, March 14-15, 1968." |
| 500 | |a"Reprinted from the Proceedings of the 7th Canadian Rock Mechanics Symposium, Edmonton, pps. 3-14, March 25-27, 1971." |
| 500 | |aHistorical publication digitized from print 2017 [by Natural Resources Canada]. |
| 504 | |aIncludes bibliographical references. |
| 692 | 07|2gccst|aStructural geology |
| 700 | 1 |aBarron, K. |
| 700 | 1 |aBielenstein, H. U. |
| 710 | 1 |aCanada. |bNatural Resources Canada. |
| 710 | 1 |aCanada. |bDepartment of Energy, Mines and Resources. |
| 710 | 1 |aCanada. |bMines Branch. |
| 830 | #0|aReprint series - Dept. of Energy, Mines and Resources, Mines Branch ;|vRS 120|w(CaOODSP)9.834843 |
| 856 | 40|qPDF|s13.58 MB|uhttps://publications.gc.ca/collections/collection_2017/rncan-nrcan/M38-8/M38-8-120-eng.pdf |
| 986 | |a300199 |